000 01120nam0a22002531 4500
001 rc\610315
005 20031121163800.5
035 _a(NLR Aleph) 005854066
090 _a5809142
_c5809142
100 _a20031121d1986 u |0rusy50 ca
101 0 _arus
102 _aRU
105 _aa |||||||||
200 1 _aРегулирование и автоматизация установок с двигателями внутреннего сгорания
_eТекст лекций [для студентов V курса инж. фак. профилизации "Пр-во и эксплуатация двигателей внутр. сгорания"]
_fМ-во высш. и сред. спец. образования СССР
210 _aМ.
_cИзд-во УДН
_d1986
215 _a53 с.
_cил.
_d21
320 _aБиблиогр.: с. 52
700 1 _aСиницын
_bА. К.
_gАлександр Константинович
701 1 _aЭммиль
_bМ. В.
_gМикель Викторович
801 0 _aRU
_bNLR
_gpsbo
801 1 _aRU
_bELAR
_2rusmarc
852 _aNLR
_j88-6/263
942 _cBOOK
980 _aNB